A favor de la píldora y la planificación familiar / (Record no. 134699)

MARC details
000 -LEADER
campo de control de longitud fija 00724nam a2200205 i 4500
001 - NÚMERO DE CONTROL
campo de control 134699
003 - IDENTIFICADOR DE NÚMERO DE CONTROL
campo de control ES-MaACL
005 - FECHA Y HORA DE LA ÚLTIMA TRANSACCIÓN
campo de control 20230906194728.0
007 - CAMPO FIJO DE DESCRIPCIÓN FÍSICA--INFORMACIÓN GENERAL
campo de control de longitud fija t|
008 - DATOS DE LONGITUD FIJA--INFORMACIÓN GENERAL
campo de control de longitud fija 070913s1967 sp ||||1| spa d
100 1# - ENTRADA PRINCIPAL--NOMBRE DE PERSONA
Nombre de persona Weill-Halle, Lagroua.
9 (RLIN) 116348
245 10 - MENCIÓN DEL TÍTULO
Título A favor de la píldora y la planificación familiar /
Mención de responsabilidad, etc. Lagroua Weill-Halle .
Resto del título En contra de la píldora y la planificación familiar / Paul Chauchard.
246 3# - FORMA VARIANTE DEL TITULO
Título propio/Titulo breve En contra de la píldora y la planificación familiar.
260 ## - PUBLICACIÓN, DISTRIBUCIÓN, ETC.
Lugar de publicación, distribución, etc. Barcelona :
Nombre del editor, distribuidor, etc. Pomaire,
Fecha de publicación, distribución, etc. [1967]
300 ## - DESCRIPCIÓN FÍSICA
Extensión 81, 67 p. ;
Dimensiones 20 cm.
650 ## - PUNTO DE ACCESO ADICIONAL DE MATERIA--TÉRMINO DE MATERIA
Término de materia o nombre geográfico como elemento de entrada Anticonceptivos.
9 (RLIN) 168869
650 ## - PUNTO DE ACCESO ADICIONAL DE MATERIA--TÉRMINO DE MATERIA
Término de materia o nombre geográfico como elemento de entrada Control de natalidad.
9 (RLIN) 11338
700 1# - ENTRADA AGREGADA--NOMBRE PERSONAL
Nombre de persona Chauchard, Paul.
9 (RLIN) 38194
852 ## - LOCALIZACIÓN
Ubicación ES-MaACL
Número de control de estantería C-34131
Holdings
Estatus retirado Estado de pérdida Estado de daño No para préstamo Biblioteca de origen Biblioteca actual Ubicación en estantería Fecha de adquisición Fuente de adquisición Total de préstamos Signatura topográfica completa Código de barras Visto por última vez Precio de reemplazo Tipo de ítem Koha
        Biblioteca del Ateneo de Madrid Biblioteca del Ateneo de Madrid Depósito 2 17/01/2008     C-34131 1140206 23/02/2023 23/02/2023 Libro impreso